[Event "NK Pupillendag 2015"]
[Site "Roosendaal"]
[Date "2015.06.20"]
[Round "4.18"]
[White "G06: Jasuja Mika"]
[Black "Visser Rogier"]
[Result "0-1"]
[WhiteElo "528"]
[BlackElo "425"]
[PlyCount "156"]
[EventDate "2015.06.20"]
[WhiteClock "0:21:23"]
[BlackClock "0:20:33"]

1. e4 e5 2. Nf3 Nc6 3. Bc4 Nf6 4. Nc3 Nxe4 5. Nxe4 d5 6. Bxd5 Qxd5 7. Nc3 Qd8
8. d3 Bb4 9. Bd2 Bg4 10. h3 Bh5 11. a3 Ba5 12. b4 Bb6 13. O-O O-O 14. Na4 Qd5
15. c4 Qe6 16. c5 Bxc5 17. Nxc5 Qd5 18. Bc3 Rab8 19. Re1 Rfe8 20. Qd2 Bxf3 21.
gxf3 e4 22. dxe4 Qxd2 23. Bxd2 Rbd8 24. Bc3 b6 25. Nb3 Rd3 26. Rac1 Rxf3 27.
Kg2 Rd3 28. Red1 Rxd1 29. Rxd1 Rxe4 30. f3 Re3 31. Rc1 Re2+ 32. Kg3 Rb2 33. Nd4
Ra2 34. Nxc6 Rxa3 35. Ra1 Rxc3 36. Ne7+ Kf8 37. Nf5 Rc2 38. Rxa7 Re2 39. Ra8+
Re8 40. Rxe8+ Kxe8 41. Nxg7+ Kf8 42. Nf5 Kg8 43. Ne7+ Kg7 44. Nd5 c5 45. Nxb6
cxb4 46. Nc4 b3 47. Kg4 Kf6 48. Kf4 h6 49. Ke4 Kg5 50. f4+ Kh4 51. Ke5 Kxh3 52.
f5 Kg4 53. Kf6 h5 54. Ke5 h4 55. f6 h3 56. Kd6 h2 57. Ke7 h1=Q 58. Kxf7 Qh7+
59. Ke6 Qf5+ 60. Ke7 Qe4+ 61. Kf7 Qxc4+ 62. Ke7 b2 63. f7 b1=Q 64. f8=Q Qe1+
65. Kd7 Qd4+ 66. Qd6 Qxd6+ 67. Kxd6 Qg3+ 68. Kd5 Qf3+ 69. Kd4 Qe2 70. Kd5 Kf5
71. Kd4 Qe4+ 72. Kc3 Ke5 {Kc4 Qd4+ Kc3 Qe4} 73. Kb3 Qd3+ 74. Kb2 Qc4 75. Kb1
Qe2 76. Kc1 Kd4 77. Kb1 Kc3 78. Ka1 Qb2# 0-1